Histoire politique de l'Europe contemporaine (Record no. 165134)
[ view plain ]
| 000 -LEADER | |
|---|---|
| campo de control de longitud fija | 00831nam a22002175i 4500 |
| 001 - NÚMERO DE CONTROL | |
| campo de control | 165134 |
| 003 - IDENTIFICADOR DE NÚMERO DE CONTROL | |
| campo de control | ES-MaACL |
| 005 - FECHA Y HORA DE LA ÚLTIMA TRANSACCIÓN | |
| campo de control | 20230906213055.0 |
| 008 - DATOS DE LONGITUD FIJA--INFORMACIÓN GENERAL | |
| campo de control de longitud fija | 990921s1897 fr |||| | fre d |
| 040 ## - FUENTE DE CATALOGACIÓN | |
| Centro catalogador/agencia de origen | CCPB | B |
| Lengua de catalogación | spa |
| Centro/agencia transcriptor | CCPB | B |
| 100 1# - ENTRADA PRINCIPAL--NOMBRE DE PERSONA | |
| Nombre de persona | Seignobos, Charles ( |
| Fechas asociadas al nombre | 1854-1942) |
| 9 (RLIN) | 105259 |
| 245 10 - MENCIÓN DEL TÍTULO | |
| Título | Histoire politique de l'Europe contemporaine |
| Resto del título | : évolution des partis et des formes politique 1814-1896 / |
| Mención de responsabilidad, etc. | par Ch. Seignobos. |
| 260 ## - PUBLICACIÓN, DISTRIBUCIÓN, ETC. | |
| Lugar de publicación, distribución, etc. | Paris : |
| Nombre del editor, distribuidor, etc. | Armand Colin et C\pie\s, |
| Fecha de publicación, distribución, etc. | 1897. |
| 300 ## - DESCRIPCIÓN FÍSICA | |
| Extensión | XII, 814 p. ; |
| Dimensiones | 22 cm. |
| 596 #1 - NOTA AL PIE DE IMPRENTA | |
| NOTA AL PIE DE IMPRENTA | Marca tip. en port. |
| 597 #1 - NOTA DE DESCRIPCIÓN FÍSICA | |
| NOTA DE DESCRIPCIÓN FÍSICA | Antep. |
| 651 ## - PUNTO DE ACCESO ADICIONAL DE MATERIA--NOMBRE GEOGRÁFICO | |
| Nombre geográfico | Europa- |
| Subdivisión general | Historia- |
| Subdivisión cronológica | S. \RXIX\R. |
| 9 (RLIN) | 234166 |
| 752 ## - ENTRADA AGREGADA--NOMBRE JERÁRQUICO DEL LUGAR | |
| País o entidad superior | Francia - |
| Ciudad | París |
| 852 ## - LOCALIZACIÓN | |
| Ubicación | ES-MaACL |
| Número de control de estantería | G-15219 |
| Nota libre | -- Enc. pasta española |
| condición física | -- Falto de la port. |
| Nota libre | -- Podría tratarse de cualquier ed. de esta obra |
| Estatus retirado | Estado de pérdida | Estado de daño | No para préstamo | Colección | Biblioteca de origen | Biblioteca actual | Ubicación en estantería | Fecha de adquisición | Fuente de adquisición | Total de préstamos | Signatura topográfica completa | Código de barras | Visto por última vez | Precio de reemplazo | Tipo de ítem Koha |
|---|---|---|---|---|---|---|---|---|---|---|---|---|---|---|---|
| Libros del s. XIX | Biblioteca del Ateneo de Madrid | Biblioteca del Ateneo de Madrid | Sala Pecera Planta 3 | 17/01/2008 | G-15219 | 1173148 | 23/02/2023 | 23/02/2023 | Libro impreso antiguo |
